000 00508 a2200193 4500
005 20260216154714.0
008 260212b |||||||| |||| 00| 0 eng d
020 _a9781845933821
_c£106.85
040 _aMAIN
082 _a581.35
_bH386P
100 _aHenry, Robert J
245 _aPlant genotyping II: SNP technology
260 _bCABI Publishing
_c2008
_aOxfordshire
300 _aviii, 285
650 _aBotany
650 _aPlant Genome Mapping
650 _aGenetic Polymorphisms
942 _cBK
999 _c396029
_d396029